|
|
|
|
| LEADER |
00000nam a2200000 a 4500 |
| 001 |
vtls011632582 |
| 003 |
SK-MaSNL |
| 005 |
20260301093928.0 |
| 008 |
170524s2012 un oac g hn 000 0cukr |
| 020 |
|
|
|a 9789660606296
|q (viazané)
|
| 040 |
|
|
|a SNK
|b slo
|c SNK
|e AACR2
|
| 041 |
0 |
|
|a ukr
|
| 043 |
|
|
|a e-un---
|
| 044 |
|
|
|a un
|c UA
|
| 072 |
|
7 |
|a 32
|x Politika
|2 konspekt
|
| 072 |
|
7 |
|a 929
|x Biografie
|2 konspekt
|
| 080 |
|
|
|a 001.83-027.22
|2 2011
|
| 080 |
|
|
|a 32:316.644
|2 2011
|
| 080 |
|
|
|a (477)
|2 2011
|
| 080 |
|
|
|a (092)
|2 2011
|
| 245 |
0 |
0 |
|a Mychajlo Dragomanov u spogadach
|c uklaly: I.S. Hrycenko, V.A. Korotkyj
|
| 260 |
|
|
|a Kyjiv
|b Lybid'
|c 2012
|
| 300 |
|
|
|a 311 s.
|b fotogr., ilustr., portréty
|c 27 cm
|
| 366 |
|
|
|e 1000 výt.
|
| 504 |
|
|
|a Bibliogr. odkazy
|
| 600 |
1 |
7 |
|a Drahomanov, Mychajlo Petrovyč,
|d 1841-1895
|2 SNK
|9 426982
|
| 648 |
|
7 |
|a 19. stor.
|2 SNKPH
|9 278793
|
| 648 |
|
7 |
|a 19th century
|2 SNKPHeng
|9 306372
|
| 650 |
0 |
7 |
|a intelektuálny život
|2 SNKPH
|9 68404
|
| 650 |
0 |
7 |
|a Intellectual life
|2 SNKPHeng
|9 313765
|
| 650 |
0 |
7 |
|a politické názory a postoje
|2 SNKPH
|9 4305
|
| 650 |
0 |
7 |
|a Political views and attitudes
|2 SNKPHeng
|9 316397
|
| 651 |
|
7 |
|a Ukrajina
|2 SNKPH
|9 168045
|
| 651 |
|
7 |
|a Ukraine
|2 SNKPHeng
|9 266376
|
| 655 |
|
7 |
|a biografie
|2 SNKPH
|9 27965
|
| 655 |
|
7 |
|a Biography
|2 SNKPHeng
|9 266314
|
| 700 |
1 |
|
|a Hrycenko, Ivan Serhijovyč
|4 com
|9 426983
|
| 700 |
1 |
|
|a Kotorkyj, Viktor Andrijovič
|4 com
|9 426984
|
| 752 |
|
|
|a Ukrajina
|d Kyjev
|
| 919 |
|
|
|a 978-966-06-0629-6
|
| 958 |
|
|
|a TL
|
| 958 |
|
|
|a NB
|
| 958 |
|
|
|a BX
|
| 958 |
|
|
|a UA
|
| 999 |
|
|
|c 678639
|d 680569
|
| 952 |
|
|
|a SNK
|b SNK
|y VYP
|7 0
|p 17A1259437
|o snkIB 73292
|i snk2017/13248
|8 2
|g 18.00
|0 0
|1 0
|4 0
|d 2017-05-24
|l 0
|r 2026-02-23 19:49:18
|w 2026-02-23
|